Quizzes
Events
Quiz Creation
Community
Videos
Private Events
Remove Ads
Sign In
Join for FREE
Feedback
Dark Mode
Quiz Categories
Sports
Geography
Music
Movies
Television
Just For Fun
Miscellaneous
History
Literature
Language
Science
Gaming
Entertainment
Religion
Holiday
For Kids
Quiz Lab
Recent
Popular Today
Quiz Kudos Today
Editor Picks
Curator Picks
Quizzes by...
Day
Popularity
Type
Ratings
Length
Year
Community
Subscriptions
Recent Discussions
Orange Saloon
Badges
Playlists
Quests
Create
Leaderboards
Showdown
Live 5
Trivia Bingo
Activity
Puzzle Library
Sporcle Events
Private Events
Virtual Trivia
Globe League
Become a Host
Pub Owners
SporcleCon
Opinionation
Our Games
Videos
Blog
Mobile Apps
Partnerships
Remove Ads and Go Orange
Feedback
Sports
Athletes
MLB
NBA
NHL
NFL
Soccer
Sports Teams
WWE
NCAA
Football
Premier League
Basketball
Baseball
Hockey
Golf
Tennis
Cricket
Rugby
Auto Racing
Olympics
World Cup
Sports
Athletes
MLB
NBA
NHL
NFL
Soccer
Sports Teams
WWE
NCAA
Football
Premier League
Basketball
Baseball
Hockey
Golf
Tennis
Cricket
Rugby
Auto Racing
Olympics
World Cup
Random Quiz
Search Sporcle
×
Quiz Lab
Quiz Lab
Sports
NCAA
Type in answers that appear in a list
Type in answers that appear in a list
Classic
Best Score? Go Orange.
2016 NCAA Men's Basketball Postseason Teams Stats
Can you name the colleges that played in a 2016 basketball postseason tournament?
By
Feely
20m
150 Questions
219 Plays
219 Plays
219 Plays
Comments
Comments
Give Quiz Kudos
Give Quiz Kudos
-
- Ratings
hide this ad
More Info
Replay
Link that replays current quiz
Next Quiz
Link to next quiz in quiz playlist
You Got
0%
They Got
Avg Score
71%
Avg Friend Score
Upgrade to see
Score Distribution
Jump to the score distribution portion of the page
Score
0/150
Timer
20:00
0
Plays Today
Conference
Year
% Correct
Atlantic Coast
Duke
95%
Big Ten
Michigan
94.5%
Atlantic Coast
North Carolina
94.1%
Big 12
Kansas
94.1%
Big Ten
Iowa
93.6%
Big Ten
Michigan State
93.6%
Southeastern
Florida
93.2%
Big 12
Texas
92.7%
American Athletic
Connecticut
92.2%
Big 12
Oklahoma
91.8%
Mid-
American
Ohio
91.8%
Big Ten
Indiana
91.3%
Atlantic Coast
Syracuse
91.3%
Big 12
Baylor
90.9%
Ivy League
Yale
90.9%
Pacific 12
California
90.9%
Big 12
Iowa State
90.4%
Big Ten
Wisconsin
90.4%
Pacific 12
Arizona
90.4%
Pacific 12
Oregon
90.4%
Atlantic Coast
Virginia
90%
Big Ten
Ohio State
90%
Big Ten
Purdue
90%
Pacific 12
USC
90%
Atlantic Coast
Miami (FL)
89.5%
Big 12
Texas Tech
89.5%
Pacific 12
Colorado
89%
Atlantic Coast
Florida State
89%
Southeastern
Texas A&M
88.6%
Big East
Villanova
88.1%
Pacific 12
Utah
88.1%
Southeastern
Kentucky
88.1%
Southeastern
Georgia
87.7%
Pacific 12
Oregon State
87.7%
Patriot League
Boston University
87.7%
Big Ten
Maryland
87.2%
West Coast
Gonzaga
87.2%
American Athletic
Temple
86.8%
Big 12
West Virginia
86.8%
Atlantic Coast
Pittsburgh
86.3%
Atlantic 10
VCU
85.8%
Big East
Xavier
84.9%
Ivy League
Princeton
84.9%
American Athletic
Cincinnati
84.5%
Atlantic Coast
Virginia Tech
84%
Atlantic 10
Dayton
83.6%
Atlantic Coast
Notre Dame
83.6%
Mountain West
San Diego State
83.6%
Pacific 12
Washington
83.6%
Southeastern
South Carolina
83.1%
Conference
Year
% Correct
Southeastern
Alabama
82.6%
Atlantic 10
St. Joseph's
82.6%
American Athletic
Tulsa
82.2%
Big East
Butler
82.2%
Big West
Hawaii
82.2%
Atlantic Coast
Georgia Tech
82.2%
Southwestern Athletic
Southern
81.7%
Southeastern
Vanderbilt
81.3%
Missouri Valley
Wichita State
80.8%
Atlantic Sun
Florida Gulf Coast
79.9%
West Coast
Brigham Young
79.9%
West Coast
St. Mary's
79.9%
American Athletic
Houston
79.9%
Missouri Valley
Northern Iowa
79.5%
Summit League
South Dakota State
79.5%
Mountain West
Fresno State
79.5%
Big Sky
North Dakota
79%
Big East
Creighton
78.1%
Big East
Providence
77.6%
Western Athletic
New Mexico State
77.6%
Big East
Seton Hall
77.6%
Big Sky
Montana
77.2%
Mid-
American
Buffalo
77.2%
America East
Vermont
76.7%
Horizon League
Green Bay
76.3%
America East
Stony Brook
75.8%
Conference USA
Middle Tennessee State
75.3%
Mid-
American
Akron
74.4%
Ivy League
Columbia
73.5%
Big Sky
Weber State
72.6%
Sun Belt
Arkansas-Little Rock
71.2%
Atlantic 10
Davidson
70.8%
Metro Atlantic Athletic
Iona
70.8%
Atlantic 10
George Washington
69.4%
Southland
Stephen F. Austin
69.4%
Patriot League
Holy Cross
68.9%
Mountain West
Nevada
68.5%
Ohio Valley
Austin Peay
67.6%
Big Sky
Idaho
67.6%
America East
Albany
67.1%
Mid-
Eastern
Hampton
67.1%
Metro Atlantic Athletic
Monmouth
66.7%
Western Athletic
Cal State Bakersfield
65.8%
Atlantic 10
St. Bonaventure
65.8%
Colonial Athletic
UNC Wilmington
65.3%
Horizon League
Valparaiso
65.3%
Big South
UNC Asheville
65.3%
Conference USA
UAB
64.8%
Southern
Chattanooga
64.4%
Mid-
American
Central Michigan
62.6%
Conference
Year
% Correct
Ohio Valley
Belmont
61.6%
Mid-
American
Northern Illinois
61.6%
Mid-
American
Ball State
61.6%
Horizon League
Oakland
60.7%
Big Sky
Eastern Washington
60.3%
Patriot League
Bucknell
60.3%
Big West
Long Beach State
60.3%
Patriot League
Army
59.8%
Big West
UC Irvine
58.9%
Atlantic Sun
North Florida
58.4%
America East
New Hampshire
57.1%
Big West
UC Santa Barbara
56.2%
Conference USA
Old Dominion
56.2%
Conference USA
Louisiana Tech
55.7%
West Coast
Pepperdine
55.3%
Sun Belt
Louisiana-Lafayette
53.9%
Big South
Coastal Carolina
53.4%
Sun Belt
Louisiana-Monroe
53.4%
Atlantic 10
Fordham
53.4%
Colonial Athletic
Hofstra
53%
Southwestern Athletic
Texas Southern
53%
Northeast
Fairleigh Dickinson
52.5%
Ohio Valley
Tennessee State
52.1%
Atlantic 10
Duquesne
50.7%
Southern
Mercer
50.2%
Northeast
Wagner
50.2%
Mid-
Eastern
South Carolina State
50.2%
Metro Atlantic Athletic
Siena
49.3%
Ohio Valley
Morehead State
48.9%
Ohio Valley
Tennessee Tech
48.9%
Western Athletic
Seattle
47.5%
Ohio Valley
Tennessee-Martin
47%
Southland
Sam Houston State
46.1%
Summit League
IPFW
46.1%
Southern
East Tennessee State
46.1%
Mid-
Eastern
Norfolk State
45.7%
Atlantic Sun
NJIT
43.8%
Southern
UNC Greensboro
43.8%
Colonial Athletic
Towson
43.8%
Southwestern Athletic
Jackson State
43.8%
Sun Belt
Texas-Arlington
43.4%
Southern
Furman
42.5%
Western Athletic
Grand Canyon
41.1%
Mid-
Eastern
Savannah State
40.6%
Big South
High Point
38.8%
Metro Atlantic Athletic
Fairfield
38.8%
Southland
Texas A&M-Corpus Christi
38.4%
Southern
Western Carolina
37.9%
Summit League
Nebraska-Omaha
37.9%
Southland
Houston Baptist
33.8%
Quiz Playlist
Details
Report
Send in Message
Add To Playlist
More Info:
Records are as of before tournament participation.
Classic:
Type in answers that appear in a list
Last Updated: Feb 16, 2017
Quiz Scoreboard
CHALLENGE
Sign Up to Join the Scoreboard
Show All
Scores
Hide
Comments
May contain spoilers
Recently Published
Movies - When Are They Set?
by FPL_Elf
Movies
5m
Popular People in 1961
by mucciniale
History
6m
1-10 Letter E Words III
by El_Dandy
Language
2m
More to Explore
Quiz From the Vault
Featured Blog Post
Where Did the Easter Bunny Come From?
hide this ad
You Might Also Like...
Tags
Basketball Quiz
College Quiz
NCAA Quiz
2015
Conference
men
postseason
record
team
Tournament
Today's Top Quizzes in Sports
Browse Sports
hide this ad
Today's Top Quizzes in NCAA
Browse NCAA
Top Contributed Quizzes in Sports
1
Les meilleurs buteurs des matchs entre le PSG et l’OM
2
Les entraîneurs de l'OM et du PSG au 21e siècle
3
FIFA Club World Cup Champions
4
2022 World Cup Stars
5
Name the Premier League winners with different clubs
6
La finale Lions - Afrique du Sud 2021
7
Criteria MLB: Left Handed Sluggers
8
Players with Multiple 50 Home Run Seasons
9
MLB Players with Two .350 Batting Average Seasons
10
MLB Hall of Famer by Rings
Explore More
Trending Topics
Crossword
NBA
Disney
Kpop
Harry Potter
Marvel
Anime
NFL
Country
Song
WWE
Soccer
Pokémon
Puzzle
The Office
hide this ad
More By:
Feely
Quiz
Plays
Rating
Category
Featured
Created
NBA Top 200 Scorers (2000s)
552,214
4.62
Sports
Oct 3, 2010
NCAA Tournament #1 Seeds
550,014
4.69
Sports
Oct 12, 2009
NBA Opening Day Alma Maters (2010)
136,748
4.39
Sports
Oct 29, 2010
NBA Top 200 Scorers (2015-16)
128,116
4.72
Sports
Apr 14, 2016
NBA Draft Lottery Picks
127,705
4.47
Sports
Jan 13, 2012
Go to Creator's Profile
Score Distribution
Quiz Creator Spotlight
Feely
Follow
Send a Message
Quizzes Created
-
Created Quiz Play Count
-
More By This Creator
Popular Quizzes Today
1
Find the US States - No Outlines Minefield
2
Find the Countries of Europe - No Outlines Minefield
3
The Countries of the World
4
Popular People in 1961
5
1-10 Letter E Words III
6
US States
7
Find the US States
8
One Thing in Common: World Cities II
More Sports Quizzes
CONMEBOL Nations Logos
Quiz Lab
Trending Quizzes
Risky Map Clicking: Least Populous States A-Z
1-10 Letter F Words
Humor Books: The Subtitles
1-10 Letter G Words
One Thing in Common: United Kingdom
Recently Updated
Leaping Animals
pecheneg
Reality TV Shows (A-Z)
bhenderson79
Rickey Henderson's Hall of Fame Teammates
pecheneg
Champions League XIs: Arsenal
pecheneg
Quick Pick: Celebrities in WWE's Hall of Fame
aduchscher
A-Z Keypad Blitz II
pecheneg
Multiple Oscar Actors
pecheneg
Mystery Phrase Blitz: Oscar 'Best Actors'
pecheneg
F. Scott Fitzgerald Novels
LTH
Pick 3 Villains
ddd62291
Trending Topics
Anime
Kpop
NBA
Marvel
Crossword
Harry Potter
Disney
Soccer
Pokémon
Country
NFL
WWE
Song
The Office
Puzzle
Your Account Isn't Verified!
In order to create a playlist on Sporcle, you need to verify the email address you used during registration. Go to your
Sporcle Settings
to finish the process.
Report this User
Report this user for behavior that violates our
Community Guidelines
.
Details:
Send Report
Go to the Sporcle.com Mobile Site →
Comments